LEADER 01429cam0-22004091i-450- 001 990000199440403321 005 20060613142015.0 035 $a000019944 035 $aFED01000019944 035 $a(Aleph)000019944FED01 035 $a000019944 100 $a20020821g19521955km-y0itay50------ba 101 0 $aeng 102 $aUS 105 $aa-------001yy 200 1 $aInstrument engineering$fCharles Stark Draper, Walter McKay, Sidney Lees 210 $aNew York$cMcGraw-Hill book company$d1952-1955 215 $a3 v.$cill.$d28 cm 225 1 $aMcGraw-Hill publications in aeronautical science 327 1 $a1.: Methods for describing the situations of instrument engineering. - 1952$a2.: Methods for associating mathematical solutions with common forms. -1953$a3.: Applications of the instrument engineering methods : part 1: measurement systems. - 1955 610 0 $aMisure$aMetodi matematici 676 $a620.004 4 676 $a660 700 1$aDraper,$bCharles Stark$02864 701 1$aMcKay,$bWalter$02866 701 1$aLees,$bSidney$02865 801 0$aIT$bUNINA$gRICA$2UNIMARC 901 $aBK 912 $a990000199440403321 952 $a13 F 16 01$b23327$fFINBC 952 $a04 172-46$bELETTR. 2362$fDINCH 952 $a13 F 16 03$b23327/3$fFINBC 952 $a13 F 16 02$b23327/2$fFINBC 959 $aFINBC 959 $aDINCH 996 $aInstrument engineering$9121946 997 $aUNINA LEADER 02520nam 2200613Ia 450 001 9910791347403321 005 20230725015537.0 010 $a1-282-63405-4 010 $a9786612634055 010 $a90-485-0814-2 035 $a(CKB)2560000000011871 035 $a(EBL)542536 035 $a(OCoLC)645097310 035 $a(SSID)ssj0000423378 035 $a(PQKBManifestationID)12103518 035 $a(PQKBTitleCode)TC0000423378 035 $a(PQKBWorkID)10440243 035 $a(PQKB)11622005 035 $a(MiAaPQ)EBC542536 035 $a(Au-PeEL)EBL542536 035 $a(CaPaEBR)ebr10397469 035 $a(CaONFJC)MIL263405 035 $a(EXLCZ)992560000000011871 100 $a20100126d2010 uy 0 101 0 $aeng 135 $aur|n|---||||| 181 $ctxt 182 $cc 183 $acr 200 10$aModernization, tradition and identity$b[electronic resource] $ethe Kompilasi hukum Islam and legal practice in the Indonesian religious courts /$fEuis Nurlaelawati 210 $aAmsterdam $cAmsterdam University Press$dc2010 215 $a1 online resource (297 p.) 225 1 $aICAS publications series ;$v4 300 $aDescription based upon print version of record. 311 $a90-8964-088-6 320 $aIncludes bibliographical references and index. 327 $aTable of Contents; List of Tables; Notes on Transliteration and Translations; Acknowledgements; Preface; Introduction; 1. The Indonesian Religious Courts: Institutional and Judicial Developments; 2. The Making of the Kompilasi Hukum Islam; 3. Debates on the Kompilasi Hukum Islam; 4. Between the Kompilasi and the Fiqh Texts; 5. The Kompilasi and the Need for Religious Legitimacy; 6. Judges, 'Ulama', and the State: Legal Practices of Society; Conclusion; Notes; Appendices; Bibliography; Index 330 $aThis book discusses the legal attitude of judges in Indonesian Islamic courts after a codified legal code was issued in the form of the Kompilasi Hukum Islam. 410 0$aICAS publications series ;$v4. 606 $aIslamic law$zIndonesia 606 $aCivil law$zIndonesia 606 $aReligion and law$zIndonesia 615 0$aIslamic law 615 0$aCivil law 615 0$aReligion and law 676 $a340.5909598 700 $aNurlaelawati$b Euis$01534561 801 0$bMiAaPQ 801 1$bMiAaPQ 801 2$bMiAaPQ 906 $aBOOK 912 $a9910791347403321 996 $aModernization, tradition and identity$93782221 997 $aUNINA LEADER 02701oas 2201021 a 450 001 9910144408603321 005 20251105213014.0 011 $a2330-1198 035 $a(DE-599)ZDB2052619-2 035 $a(DE-599)2052619-2 035 $a(OCoLC)45446992 035 $a(CONSER) 00227422 035 $a(CKB)954927575950 035 $a(EXLCZ)99954927575950 100 $a20001130b19521991 uy a 101 0 $aeng 135 $aurcnu|||||||| 181 $ctxt$2rdacontent 182 $cc$2rdamedia 183 $acr$2rdacarrier 200 10$aSystematic zoology 210 $aWashington, D.C. $cSociety of Systematic Zoology$d1952-1991 300 $aRefereed/Peer-reviewed 300 $aPublished by: the Society of Systematic Biologists, 1991. 311 08$a0039-7989 606 $aBiology$vClassification$vPeriodicals 606 $aBiology$vPeriodicals 606 $aAnimals$vClassification$vPeriodicals 606 $aZoology$vPeriodicals 606 $aZoology 606 $aBiologie$vClassification$vPe?riodiques 606 $aBiologie$vPe?riodiques 606 $aAnimaux$vClassification$vPe?riodiques 606 $aZoologie$vPe?riodiques 606 $aAnimaux$xClassification$vPe?riodiques 606 $aZoologie 606 $azoology$2aat 606 $aAnimals$2fast$3(OCoLC)fst00809468 606 $aBiology$2fast$3(OCoLC)fst00832383 606 $aZoology$2fast$3(OCoLC)fst01184696 606 $aDierkunde$2gtt 608 $aClassification. 608 $aperiodicals.$2aat 608 $aClassification.$2fast 608 $aPeriodicals.$2fast 608 $aPeriodicals.$2lcgft 608 $aPe?riodiques.$2rvmgf 615 0$aBiology 615 0$aBiology 615 0$aAnimals 615 0$aZoology 615 12$aZoology. 615 6$aBiologie 615 6$aBiologie 615 6$aAnimaux 615 6$aZoologie 615 6$aAnimaux$xClassification 615 6$aZoologie. 615 7$azoology. 615 7$aAnimals. 615 7$aBiology. 615 7$aZoology. 615 17$aDierkunde. 676 $a591/.01/2 712 02$aSociety of Systematic Biologists 712 02$aSociety of Systematic Zoology (U.S.) 801 0$bEYM 801 1$bEYM 801 2$bOCLCQ 801 2$bDLC 801 2$bOCLCF 801 2$bDLC 801 2$bOCLCO 801 2$bOCLCQ 801 2$bGILDS 801 2$bOCLCO 801 2$bCGU 801 2$bU3W 801 2$bSFB 801 2$bCLU 801 2$bOCLCQ 801 2$bUAB 801 2$bOCLCE 801 2$bOCLCL 906 $aJOURNAL 912 $a9910144408603321 996 $aSystematic zoology$9785892 997 $aUNINA